Normal view
MARC view
Entry Personal Name
001 - CONTROL NUMBER
- control field: 2833
003 - CONTROL NUMBER IDENTIFIER
- control field: OSt
005 - DATE AND TIME OF LATEST TRANSACTION
- control field: 20190301143059.0
008 - FIXED-LENGTH DATA ELEMENTS
- fixed length control field: 190301|| aca||aabn | a|a d
040 ## - CATALOGING SOURCE
- Original cataloging agency: OSt
- Transcribing agency: OSt
100 ## - HEADING--PERSONAL NAME
- Personal name: Gujarat Public Service Commission
670 ## - SOURCE DATA FOUND
- Source citation: Work cat.: (OSt): Gujarat Public Service Commission, Forty Ninth Annual Report of Gujarat Public Service Commission, 2008-2009, 2009
